|
|
|
|
| LEADER |
00782cam a2200193 7i4500 |
| 001 |
0000019671 |
| 005 |
20070820090000.0 |
| 090 |
0 |
0 |
|a M 333.7932025
|b ELE
|
| 110 |
1 |
0 |
|a The Electrical and Electronic Associational Malaysia (TEEAM)
|
| 245 |
0 |
0 |
|a TEEAM members directory 2007/2008.
|
| 260 |
0 |
0 |
|a Kuala Lumpur:
|b TEEAM,
|c 2007.
|
| 300 |
# |
# |
|a 196 p.
|
| 650 |
0 |
0 |
|a Electrical industries --
|x Directories --
|z Malaysia
|
| 650 |
0 |
0 |
|a Electronic industries --
|x Business enterprises --
|z Malaysia
|
| 651 |
0 |
0 |
|a Malaysia
|
| 999 |
|
|
|a 0000020741
|b Directories
|c Malaysia
|e Business Information Centre
|
| 999 |
|
|
|a PNG000692H
|b Directories
|c Malaysia
|e MATRADE Northern Regional Office
|
| 999 |
|
|
|a SBH000670H
|b Directories
|c Malaysia
|e MATRADE Sabah
|
| 999 |
|
|
|a SRW000097H
|b Directories
|c Malaysia
|e MATRADE Sarawak
|